000 00322nam a22001337a 4500
008 170728b xxu||||| |||| 00| 0 eng d
020 _a9780471611615
041 _aeng
080 _a004
100 _a31
101 _aSHKI
245 _aCOGNIZERS NEURAL NETWORKS AND MACHINES THAT THINK
_cJOHNSON, R.C
942 _2udc
_cBK
999 _c22132
_d22132